Statystyki dla Strony konfliktu II Wojny Światowej.

Kliknij tutaj aby rozwiązać quiz!

Ogólne statystyki

  • Ten quiz został rozwiązany 765 razy
  • Średni wynik to 31 z 44

Statystyki odpowiedzi

StronaPaństwo% Poprawnych
AlianciPolska
98%
AlianciStany Zjednoczone
97%
Państwa OsiJaponia
96%
AlianciWłochy
96%
AlianciFrancja
96%
Państwa OsiNiemcy
95%
AlianciWielka Brytania
94%
AlianciChiny
93%
AlianciKanada
92%
AlianciZwiązek Socjalistycznych Republik Radzieckich
91%
AlianciNorwegia
90%
Państwa OsiFinlandia
89%
Alianci | Państwa OsiRumunia
88%
Państwa OsiWęgry
87%
AlianciHolandia
87%
AlianciBelgia
87%
AlianciGrecja
86%
AlianciDania
86%
AlianciAustralia
86%
Alianci | Państwa OsiBułgaria
83%
AlianciTurcja
80%
AlianciJugosławia
79%
AlianciLuksemburg
74%
AlianciNowa Zelandia
70%
Alianci | Państwa OsiAlbania
67%
AlianciCzechosłowacja
63%
Państwa OsiIrak
61%
Państwa OsiFrancja Vichy
59%
Państwa OsiChorwacja
58%
Państwa OsiSłowacja
57%
AlianciMongolia
56%
Państwa OsiSerbia Nedicia
52%
Państwa OsiWłoska Republika Socjalna
45%
AlianciEtiopia
44%
AlianciFilipiny
42%
AlianciIndie Brytyjskie
41%
AlianciHolenderskie Indie Wschodnie
37%
AlianciZwiązek Południowej Afryki
35%
Państwa OsiSyjam
24%
Państwa OsiMandżukuo
20%
Państwa OsiBirma
19%

Rozkład punktacji

Percentyl według liczby udzielonych odpowiedzi

Procent ludzi z każdym wynikiem

Twoja historia wyników

Nie rozwiązałeś tego quizu